[Event "G5-2"]
[Site "Svendborg"]
[Date "2016.03.24"]
[Round "1"]
[White "Svane, Henrik"]
[Black "Raahauge, Lars"]
[Result "1/2-1/2"]
[WhiteElo "2088"]
[BlackElo "1821"]
[PlyCount "81"]
[EventDate "2016.03.24"]
[EventType "swiss"]
[EventRounds "5"]
[EventCountry "DEN"]

1. d4 Nf6 2. c4 e5 3. dxe5 Ng4 4. Bf4 Bb4+ 5. Nd2 Nc6 6. Ngf3 Qe7 7. e3 Ngxe5
8. Nxe5 Nxe5 9. Be2 O-O 10. O-O Bxd2 11. Qxd2 d6 12. Qc3 b6 13. b4 Qf6 14. Rac1
a5 15. a3 axb4 16. axb4 Ra2 17. Rc2 Rxc2 18. Qxc2 Be6 19. c5 bxc5 20. bxc5 Ra8
21. cxd6 cxd6 22. Qc7 Nc4 23. Bxc4 Rc8 24. Qxd6 Bxc4 25. Qxf6 gxf6 26. Rb1 Bd3
27. Rb8 Rxb8 28. Bxb8 h5 29. f3 Bg6 30. Kf2 f5 31. Be5 Kf8 32. Bf6 Ke8 33. Kg3
Kd7 34. Kf4 Kd6 35. Kg5 Kd5 36. h4 Ke6 37. Bc3 Kd5 38. Kh6 Kc4 39. Ba5 Kd3 40.
Bb6 Ke2 41. f4 1/2-1/2

[Event "G5-2"]
[Site "Svendborg"]
[Date "2016.03.24"]
[Round "1"]
[White "Hansen, Henrik Damgaard"]
[Black "Molvig, Henrik"]
[Result "1/2-1/2"]
[WhiteElo "1843"]
[BlackElo "2115"]
[PlyCount "20"]
[EventDate "2016.03.24"]
[EventType "swiss"]
[EventRounds "5"]
[EventCountry "DEN"]

1. d4 Nf6 2. c4 g6 3. Nc3 Bg7 4. e4 d6 5. Bg5 h6 6. Bh4 O-O 7. f4 Na6 8. Qd2 c5
9. d5 Nc7 10. Bd3 a6 1/2-1/2

[Event "G5-2"]
[Site "Svendborg"]
[Date "2016.03.24"]
[Round "1"]
[White "Jepsen, Thomas Tange"]
[Black "Nielsen, Henrik Wendelbo"]
[Result "1-0"]
[WhiteElo "2094"]
[BlackElo "1802"]
[PlyCount "85"]
[EventDate "2016.03.24"]
[EventType "swiss"]
[EventRounds "5"]
[EventCountry "DEN"]

1. d4 Nf6 2. c4 g6 3. Nc3 Bg7 4. e4 d6 5. f3 O-O 6. Be3 e5 7. d5 c5 8. Bd3 Na6
9. Nge2 Nc7 10. Qd2 Bd7 11. g4 h5 12. h3 Kh7 13. Bg5 Qe8 14. Ng3 b5 15. O-O-O
bxc4 16. Bxc4 Nb5 17. Bxb5 Bxb5 18. Bxf6 Bxf6 19. gxh5 Bg7 20. Qg2 Bd7 21. h4
f5 22. hxg6+ Qxg6 23. Rdg1 Bh6+ 24. Kb1 Rg8 25. Qf2 Qf7 26. Nxf5 Bxf5 27. exf5
Qxf5+ 28. Qc2 Rgf8 29. Ne4 Rab8 30. b3 c4 31. Nxd6 Qxc2+ 32. Kxc2 cxb3+ 33.
axb3 Rxf3 34. Ra1 Rf2+ 35. Kd3 Rxb3+ 36. Kc4 Rbb2 37. Rxa7+ Kg6 38. h5+ Kg5 39.
Ne4+ Kf4 40. Nxf2 Rxf2 41. Rf7+ Ke3 42. Rxf2 Kxf2 43. d6 1-0

[Event "G5-2"]
[Site "Svendborg"]
[Date "2016.03.24"]
[Round "1"]
[White "Schmidt, Kim"]
[Black "Zachariassen, John"]
[Result "0-1"]
[WhiteElo "1759"]
[BlackElo "1973"]
[PlyCount "81"]
[EventDate "2016.03.24"]
[EventType "swiss"]
[EventRounds "5"]
[EventCountry "DEN"]

1. e4 g6 2. d4 Bg7 3. Nf3 d6 4. c3 Nf6 5. Bd3 O-O 6. O-O Nc6 7. Re1 e5 8. dxe5
dxe5 9. Bg5 h6 10. Bh4 g5 11. Bg3 Nh5 12. Na3 Nf4 13. Bc2 Qe7 14. Re3 Be6 15.
Bb3 Bg4 16. Qf1 a6 17. h3 Bh5 18. Bd1 Bg6 19. Nh2 h5 20. f3 Rad8 21. Bc2 Rd2
22. Bxf4 exf4 23. Re2 Rfd8 24. Qf2 R2d7 25. Nc4 b5 26. Nd2 Nd4 27. Nb3 Nxe2+
28. Qxe2 c5 29. Nf1 c4 30. Nbd2 Qe5 31. Re1 Bf8 32. Kh1 Bc5 33. Nb1 Kg7 34. a3
f6 35. Kh2 g4 36. Kh1 g3 37. Nbd2 Bb6 38. Nb1 Bf7 39. Nbd2 Qc5 40. Nb1 Qe5 41.
Nfd2 0-1

[Event "G5-2"]
[Site "Svendborg"]
[Date "2016.03.24"]
[Round "1"]
[White "Larsen, Dennis"]
[Black "Hansen, Adam Blatchley"]
[Result "1/2-1/2"]
[WhiteElo "1978"]
[BlackElo "1702"]
[PlyCount "60"]
[EventDate "2016.03.24"]
[EventType "swiss"]
[EventRounds "5"]
[EventCountry "DEN"]

1. e4 e6 2. d4 d5 3. exd5 exd5 4. Nf3 Bg4 5. Be3 Bd6 6. Nbd2 Ne7 7. Be2 O-O 8.
h3 Bxf3 9. Nxf3 Nd7 10. O-O c6 11. c3 Ng6 12. Re1 Nf6 13. Bd3 Qc7 14. Rc1 Rae8
15. Bb1 Ne4 16. c4 dxc4 17. Rxc4 Nf6 18. a3 Nd5 19. b4 Bf4 20. Qd2 Qd7 21. Rcc1
Bxe3 22. fxe3 Re7 23. Qd3 Rfe8 24. Ne5 Qd6 25. Nxg6 hxg6 26. e4 Nf4 27. Qe3 Ne6
28. Rcd1 Qf4 29. Qe2 Ng5 30. Rf1 Qg3 1/2-1/2

[Event "G5-2"]
[Site "Svendborg"]
[Date "2016.03.24"]
[Round "1"]
[White "Hansen, Ib Lynaes"]
[Black "Agger, Lars Breinholt"]
[Result "1-0"]
[WhiteElo "1734"]
[BlackElo "1856"]
[PlyCount "81"]
[EventDate "2016.03.24"]
[EventType "swiss"]
[EventRounds "5"]
[EventCountry "DEN"]

1. d4 Nf6 2. Nf3 g6 3. c4 Bg7 4. Nc3 d5 5. e3 O-O 6. Bd3 c5 7. cxd5 Nxd5 8. O-O
cxd4 9. Nxd4 a6 10. Qf3 Nxc3 11. bxc3 e5 12. Be4 exd4 13. Bxb7 Bxb7 14. Qxb7
Nd7 15. cxd4 Nc5 16. Qf3 Re8 17. Ba3 Ne4 18. Rfd1 Qa5 19. Rd3 Rac8 20. Qd1 Nc3
21. Qb3 Ne4 22. Bb4 Qf5 23. Rf1 a5 24. Ba3 a4 25. Qd1 Nc3 26. Qd2 Nxa2 27. Bc5
Qd5 28. Ra1 Rxc5 29. dxc5 Qxd3 30. Qxd3 Bxa1 31. c6 Be5 32. Qd7 Rb8 33. g3 Rb1+
34. Kg2 Kg7 35. c7 Bxc7 36. Qxc7 Nb4 37. Qa5 h5 38. Qxa4 Kh6 39. Qe8 Nd3 40.
Qf8+ Kg5 41. Qd8+ 1-0

[Event "G5-2"]
[Site "Svendborg"]
[Date "2016.03.24"]
[Round "1"]
[White "Hansen, Alex"]
[Black "Winther, Bjarke Rosenborg"]
[Result "1-0"]
[WhiteElo "1906"]
[BlackElo "1740"]
[PlyCount "69"]
[EventDate "2016.03.24"]
[EventType "swiss"]
[EventRounds "5"]
[EventCountry "DEN"]

1. e4 c5 2. c3 Nc6 3. f4 d6 4. Nf3 e5 5. d3 Nf6 6. Be2 Be7 7. O-O Qc7 8. Na3
Bd7 9. Kh1 h6 10. Nb5 Qb6 11. a4 a6 12. Na3 Qc7 13. Nc4 Be6 14. fxe5 dxe5 15.
Nfxe5 Nxe5 16. Nxe5 Bd6 17. Nf3 O-O 18. Qe1 Nh5 19. Qh4 Nf4 20. Rf2 Nxe2 21.
Rxe2 Be7 22. Qf4 Qxf4 23. Bxf4 Rad8 24. Rd2 f6 25. Bc7 Rd7 26. Bb6 Bd6 27. g3
Re8 28. Kg2 Kf7 29. a5 Rc8 30. Ng1 f5 31. Rf1 Kg6 32. Nh3 fxe4 33. dxe4 Rf8 34.
Rfd1 Bxh3+ 35. Kxh3 1-0

[Event "G5-2"]
[Site "Svendborg"]
[Date "2016.03.26"]
[Round "2"]
[White "Hansen, Alex"]
[Black "Jepsen, Thomas Tange"]
[Result "0-1"]
[WhiteElo "1906"]
[BlackElo "2094"]
[PlyCount "100"]
[EventDate "2016.03.24"]
[EventType "swiss"]
[EventRounds "5"]
[EventCountry "DEN"]

1. e4 c6 2. d4 d5 3. e5 Bf5 4. Bd3 Bxd3 5. Qxd3 e6 6. Nf3 Nd7 7. a4 Ne7 8. Nc3
c5 9. dxc5 Nc6 10. Be3 Bxc5 11. Bxc5 Nxc5 12. Qb5 Qe7 13. Nd4 Rc8 14. O-O O-O
15. Nxc6 Rxc6 16. Qe2 a6 17. Qe3 Nd7 18. Rfc1 Qb4 19. Nd1 d4 20. Qe2 Rfc8 21.
c3 Qa5 22. f4 f6 23. exf6 Nxf6 24. Qd3 Qd5 25. Rc2 dxc3 26. Qxd5 Nxd5 27. g3
cxb2 28. Rxb2 Rc1 29. Rbb1 Rxb1 30. Rxb1 b5 31. axb5 axb5 32. Kf1 b4 33. Ke1
Kf7 34. Kd2 Rb8 35. Rb3 Kf6 36. Kd3 Kf5 37. h3 h5 38. h4 Rc8 39. Ke2 Rc2+ 40.
Kf3 Ra2 41. Rb2 Ra3+ 42. Kg2 e5 43. fxe5 Kxe5 44. Rd2 Nc3 45. Rd8 Nxd1 46. Rxd1
b3 47. Kf2 b2 48. Rb1 Rb3 49. Ke2 Kf5 50. Kf2 Kg4 0-1

[Event "G5-2"]
[Site "Svendborg"]
[Date "2016.03.26"]
[Round "2"]
[White "Hansen, Ib Lynaes"]
[Black "Rasmussen, Morten Fredsgaard"]
[Result "0-1"]
[WhiteElo "1734"]
[BlackElo "1910"]
[PlyCount "56"]
[EventDate "2016.03.24"]
[EventType "swiss"]
[EventRounds "5"]
[EventCountry "DEN"]

1. e4 c6 2. d4 d5 3. Nd2 dxe4 4. Nxe4 Bf5 5. Ng3 Bg6 6. Nf3 Nd7 7. Bc4 e6 8.
Bb3 Ngf6 9. Bd2 Be7 10. Qe2 Qc7 11. c4 c5 12. Bc3 cxd4 13. Nxd4 a6 14. O-O O-O
15. Rfe1 Nc5 16. Rac1 Nd3 17. Nf3 Bc5 18. Be5 Qb6 19. Rc3 Bxf2+ 20. Kf1 Bxe1
21. Nxe1 Nxe5 22. Qxe5 Rad8 23. Nf3 Ng4 24. Qe2 Bd3 25. Rxd3 Rxd3 26. Ne4 Re3
27. Qc2 Rxe4 28. Ng5 Ne3+ 0-1

[Event "G5-2"]
[Site "Svendborg"]
[Date "2016.03.26"]
[Round "2"]
[White "Hansen, Adam Blatchley"]
[Black "Svane, Henrik"]
[Result "1/2-1/2"]
[WhiteElo "1702"]
[BlackElo "2088"]
[PlyCount "81"]
[EventDate "2016.03.24"]
[EventType "swiss"]
[EventRounds "5"]
[EventCountry "DEN"]

1. b4 e5 2. Bb2 Bxb4 3. Bxe5 Nf6 4. c4 O-O 5. Nf3 Re8 6. e3 d5 7. Qb3 Nc6 8.
Bc3 Bxc3 9. dxc3 Na5 10. Qa4 Nxc4 11. Bxc4 dxc4 12. Qxc4 Be6 13. Qd4 Qe7 14.
Qb4 c5 15. Qb2 Bc4 16. Nbd2 Bd3 17. c4 Rad8 18. Rc1 Ng4 19. e4 Bxe4 20. O-O
Bxf3 21. Nxf3 Qc7 22. Rfe1 Rxe1+ 23. Rxe1 h6 24. Qb5 Nf6 25. g3 b6 26. a4 Qb7
27. Qb3 Qd7 28. a5 bxa5 29. Ra1 Qf5 30. Rxa5 Rd3 31. Nh4 Qe4 32. Qb8+ Kh7 33.
Ra1 g5 34. Qxa7 Kg7 35. Ng2 Qxc4 36. Ne3 Qe6 37. Qxc5 Kg6 38. Qc2 Qe4 39. Ra4
Rxe3 40. Rxe4 Nxe4 41. Qd2 1/2-1/2

[Event "G5-2"]
[Site "Svendborg"]
[Date "2016.03.26"]
[Round "2"]
[White "Molvig, Henrik"]
[Black "Larsen, Dennis"]
[Result "1-0"]
[WhiteElo "2115"]
[BlackElo "1978"]
[PlyCount "69"]
[EventDate "2016.03.24"]
[EventType "swiss"]
[EventRounds "5"]
[EventCountry "DEN"]

1. d4 Nf6 2. c4 g6 3. Nc3 d5 4. cxd5 Nxd5 5. e4 Nxc3 6. bxc3 Bg7 7. Bc4 O-O 8.
Be3 c5 9. Ne2 Nc6 10. O-O Qc7 11. Rc1 b6 12. Qd2 Bb7 13. Bh6 Rad8 14. Bxg7 Kxg7
15. f4 Na5 16. Bd3 Qd7 17. f5 Nc6 18. Bb5 Qd6 19. Bxc6 Bxc6 20. Qe3 cxd4 21.
cxd4 Bb5 22. e5 Qd7 23. e6 Qd6 24. f6+ Kg8 25. Qg5 exf6 26. Qxb5 Qxe6 27. Qd3
Rfe8 28. Rc2 Rd7 29. Nf4 Qd6 30. d5 Re5 31. Rc6 Qe7 32. d6 Qd8 33. Qc3 Re8 34.
Nd5 Rxd6 35. Rxd6 1-0

[Event "G5-2"]
[Site "Svendborg"]
[Date "2016.03.26"]
[Round "2"]
[White "Raahauge, Lars"]
[Black "Hansen, Henrik Damgaard"]
[Result "1/2-1/2"]
[WhiteElo "1821"]
[BlackElo "1843"]
[PlyCount "27"]
[EventDate "2016.03.24"]
[EventType "swiss"]
[EventRounds "5"]
[EventCountry "DEN"]

1. e4 d5 2. exd5 Nf6 3. Nc3 Nxd5 4. Bc4 e6 5. Qf3 Nxc3 6. bxc3 Be7 7. Ne2 O-O
8. d4 Nd7 9. O-O Rb8 10. Bf4 Bd6 11. Bd3 Bxf4 12. Qxf4 Nf6 13. Ng3 Qd6 14. Qg5
1/2-1/2

[Event "G5-2"]
[Site "Svendborg"]
[Date "2016.03.26"]
[Round "2"]
[White "Yssing, Klaus"]
[Black "Schmidt, Kim"]
[Result "1-0"]
[WhiteElo "2010"]
[BlackElo "1759"]
[PlyCount "69"]
[EventDate "2016.03.24"]
[EventType "swiss"]
[EventRounds "5"]
[EventCountry "DEN"]

1. f4 d5 2. Nf3 Nf6 3. g3 g6 4. Bg2 Bg7 5. O-O O-O 6. d3 c6 7. c3 Nbd7 8. Kh1
e6 9. a4 a5 10. b3 Ra6 11. Na3 Ne8 12. d4 Nd6 13. e3 b5 14. Ne5 Nf6 15. Nc2
Nfe4 16. Qe1 Qb6 17. Ba3 Rd8 18. Rb1 Bf8 19. c4 Ne8 20. Bxf8 Kxf8 21. Nxc6 Rd7
22. cxb5 Ra8 23. b4 axb4 24. Qxb4+ Kg7 25. Na3 N4d6 26. Rfc1 Nb7 27. a5 Qc7 28.
Ne5 Qxa5 29. Qxa5 Rxa5 30. Rxc8 Rxa3 31. Nxd7 Ned6 32. Rcc1 Rxe3 33. Nc5 Na5
34. b6 Ndb7 35. Bf1 1-0

[Event "G5-2"]
[Site "Svendborg"]
[Date "2016.03.26"]
[Round "2"]
[White "Nielsen, Henrik Wendelbo"]
[Black "Winther, Bjarke Rosenborg"]
[Result "0-1"]
[WhiteElo "1802"]
[BlackElo "1740"]
[PlyCount "54"]
[EventDate "2016.03.24"]
[EventType "swiss"]
[EventRounds "5"]
[EventCountry "DEN"]

1. c4 c5 2. Nc3 Nc6 3. g3 b6 4. Bg2 Bb7 5. d3 Nf6 6. e3 g6 7. Nge2 Bg7 8. O-O
O-O 9. Rb1 d6 10. a3 Rb8 11. b4 Ne5 12. f3 Qc8 13. Nd5 Nxd5 14. cxd5 Bxd5 15.
e4 Ba8 16. f4 Nc6 17. Bb2 cxb4 18. Bxg7 Kxg7 19. axb4 Nxb4 20. d4 Nc6 21. d5
Na5 22. Qd4+ Kg8 23. Rfc1 Qd7 24. Nc3 Rbc8 25. Bf1 Rc5 26. Na4 Rxc1 27. Rxc1
Nb3 0-1

[Event "G5-2"]
[Site "Svendborg"]
[Date "2016.03.26"]
[Round "3"]
[White "Jepsen, Thomas Tange"]
[Black "Rasmussen, Morten Fredsgaard"]
[Result "1-0"]
[WhiteElo "2094"]
[BlackElo "1910"]
[PlyCount "109"]
[EventDate "2016.03.24"]
[EventType "swiss"]
[EventRounds "5"]
[EventCountry "DEN"]

1. d4 d5 2. c4 c6 3. Nc3 Nf6 4. Nf3 e6 5. e3 Nbd7 6. Qc2 a6 7. b3 Bb4 8. Bd3
Qc7 9. a3 Bxc3+ 10. Qxc3 c5 11. O-O b6 12. Bb2 Bb7 13. Ne5 dxc4 14. Qxc4 Nxe5
15. dxe5 Bd5 16. Qc3 Nd7 17. e4 Bc6 18. f4 Qb7 19. Qc2 Bb5 20. Bxb5 axb5 21.
Rfd1 b4 22. a4 O-O-O 23. Rd6 Nb8 24. a5 Nc6 25. a6 Qc7 26. Qd3 Rd7 27. Qb5 Na7
28. Qxb6 Qxb6 29. Rxb6 Kc7 30. Rb7+ Kc6 31. Rxd7 Kxd7 32. Rc1 Kc6 33. Bd4 Kb5
34. Rxc5+ Kxa6 35. Rc4 Rd8 36. Bxa7 Kxa7 37. Rxb4 Rd2 38. h4 Rc2 39. h5 Rd2 40.
Kh2 Rc2 41. Rd4 Rc7 42. b4 Kb7 43. Kg3 Kc8 44. f5 Rc3+ 45. Kf4 Rb3 46. g4 Rb1
47. fxe6 Rf1+ 48. Kg5 fxe6 49. h6 gxh6+ 50. Kxh6 Rh1+ 51. Kg5 h6+ 52. Kf6 Rg1
53. Kxe6 Rxg4 54. Kf5 h5 55. e6 1-0

[Event "G5-2"]
[Site "Svendborg"]
[Date "2016.03.26"]
[Round "3"]
[White "Svane, Henrik"]
[Black "Hansen, Ib Lynaes"]
[Result "1-0"]
[WhiteElo "2088"]
[BlackElo "1734"]
[PlyCount "79"]
[EventDate "2016.03.24"]
[EventType "swiss"]
[EventRounds "5"]
[EventCountry "DEN"]

1. d4 Nf6 2. c4 g6 3. Nc3 Bg7 4. e4 d6 5. f4 O-O 6. Nf3 Bg4 7. Bd3 Nc6 8. Be3
e5 9. fxe5 dxe5 10. d5 Nd4 11. Be2 Bxf3 12. Bxf3 c6 13. O-O h6 14. Qd2 Kh7 15.
Ne2 Nxf3+ 16. gxf3 cxd5 17. cxd5 b6 18. Rac1 Qd7 19. Ng3 Rac8 20. Kg2 Rfd8 21.
Rxc8 Rxc8 22. Rc1 Rxc1 23. Qxc1 Ne8 24. Ne2 f5 25. Qc2 fxe4 26. fxe4 Bf8 27.
Ng3 h5 28. h3 Bh6 29. Bxh6 Kxh6 30. Qd2+ Kh7 31. Qg5 Qg7 32. Qd8 Nf6 33. h4 Qf7
34. d6 Ng4 35. Qc7 Kg8 36. Nf5 gxf5 37. d7 Ne3+ 38. Kh1 f4 39. d8=Q+ Kg7 40.
Qg5+ 1-0

[Event "G5-2"]
[Site "Svendborg"]
[Date "2016.03.26"]
[Round "3"]
[White "Raahauge, Lars"]
[Black "Zachariassen, John"]
[Result "1/2-1/2"]
[WhiteElo "1821"]
[BlackElo "1973"]
[PlyCount "71"]
[EventDate "2016.03.24"]
[EventType "swiss"]
[EventRounds "5"]
[EventCountry "DEN"]

1. e4 d6 2. d4 Nf6 3. Nc3 Nbd7 4. Nf3 e5 5. dxe5 dxe5 6. Bc4 Be7 7. O-O O-O 8.
h3 c6 9. a4 Qc7 10. Qe2 Nc5 11. Bg5 Ne6 12. Be3 a5 13. Rfd1 h6 14. Nh2 Bb4 15.
Qf3 Nf4 16. Ne2 Nxe2+ 17. Bxe2 Qe7 18. Nf1 Kh7 19. Ng3 g6 20. c3 Bd6 21. Rd2
Ng8 22. Rad1 Bc7 23. Bd3 Be6 24. Nf5 Qf6 25. Bc5 Rfd8 26. Ne3 Qxf3 27. gxf3
Bxh3 28. Nc4 Be6 29. Bb6 Bxb6 30. Nxb6 Rab8 31. Bc4 Rxd2 32. Rxd2 Bxc4 33. Nxc4
Re8 34. Rd7 Re7 35. Rxe7 Nxe7 36. Nxa5 1/2-1/2

[Event "G5-2"]
[Site "Svendborg"]
[Date "2016.03.26"]
[Round "3"]
[White "Hansen, Henrik Damgaard"]
[Black "Yssing, Klaus"]
[Result "0-1"]
[WhiteElo "1843"]
[BlackElo "2010"]
[PlyCount "116"]
[EventDate "2016.03.24"]
[EventType "swiss"]
[EventRounds "5"]
[EventCountry "DEN"]

1. d4 Nf6 2. c4 c5 3. d5 e6 4. Nc3 exd5 5. cxd5 d6 6. Nf3 g6 7. Nd2 Bg7 8. Nc4
O-O 9. f3 Nh5 10. g3 Na6 11. Nb5 Nc7 12. Nxc7 Qxc7 13. e3 b5 14. Na3 a6 15. Be2
Re8 16. O-O Re7 17. g4 Nf6 18. e4 h6 19. Rb1 Bd7 20. Bf4 Nh7 21. Nc2 f5 22.
gxf5 gxf5 23. Qd2 fxe4 24. Bxh6 Bh3 25. Rf2 Rf8 26. Kh1 Kh8 27. Rg1 Ref7 28.
Rg3 Qd7 29. Bxg7+ Rxg7 30. Qh6 Rxg3 31. hxg3 Bg4 32. f4 Rf6 33. Qh2 Kg7 34.
Bxg4 Qxg4 35. Ne3 Qd7 36. Qg2 Rh6+ 37. Kg1 Nf6 38. f5 Qf7 39. g4 Nxd5 40. f6+
Rxf6 41. Nf5+ Kf8 42. Qh3 e3 43. Re2 Re6 44. Qh1 Rg6 45. Qe4 Qe6 46. Qxe6 Rxe6
47. Kh2 Ne7 48. Rxe3 Kf7 49. Rxe6 Kxe6 50. Ne3 d5 51. Kg3 d4 52. Nd1 Ke5 53.
Kh4 c4 54. Nf2 b4 55. Kh5 d3 56. g5 d2 57. Nd1 Kd4 58. Kg4 c3 0-1

[Event "G5-2"]
[Site "Svendborg"]
[Date "2016.03.26"]
[Round "3"]
[White "Winther, Bjarke Rosenborg"]
[Black "Agger, Lars Breinholt"]
[Result "1-0"]
[WhiteElo "1740"]
[BlackElo "1856"]
[PlyCount "75"]
[EventDate "2016.03.24"]
[EventType "swiss"]
[EventRounds "5"]
[EventCountry "DEN"]

1. e4 c5 2. Nf3 d6 3. d4 cxd4 4. Nxd4 Nf6 5. Nc3 a6 6. Be3 e6 7. Be2 Be7 8. f3
b5 9. Qd2 d5 10. e5 Nfd7 11. f4 O-O 12. O-O Qc7 13. Kh1 Bb7 14. Rf3 Rc8 15. Bd3
h6 16. Rh3 Nc6 17. Nce2 Nb4 18. a3 Nc6 19. c3 Nc5 20. Rf1 Nxd3 21. Qxd3 Nxd4
22. Nxd4 Qc4 23. Qxc4 dxc4 24. f5 Bd5 25. f6 gxf6 26. exf6 Bf8 27. Bxh6 Rc5 28.
Bxf8 Rxf8 29. Rf4 Bxg2+ 30. Kxg2 Rg5+ 31. Rg3 Rxg3+ 32. hxg3 Kh7 33. Rg4 Kh6
34. Kf3 Rd8 35. Ke4 Rd5 36. Rg7 Rd7 37. Nxe6 Rd2 38. Rxf7 1-0

[Event "G5-2"]
[Site "Svendborg"]
[Date "2016.03.26"]
[Round "3"]
[White "Hansen, Adam Blatchley"]
[Black "Hansen, Alex"]
[Result "0-1"]
[WhiteElo "1702"]
[BlackElo "1906"]
[PlyCount "68"]
[EventDate "2016.03.24"]
[EventType "swiss"]
[EventRounds "5"]
[EventCountry "DEN"]

1. b4 e5 2. Bb2 Bxb4 3. Bxe5 Nf6 4. c4 O-O 5. Nf3 Re8 6. e3 d5 7. Bb2 Nc6 8.
Be2 dxc4 9. Bxc4 Be6 10. Bxe6 Rxe6 11. O-O Ne4 12. d4 Qd5 13. Nbd2 Nxd2 14.
Nxd2 Bxd2 15. Qxd2 Na5 16. Qc3 Nc4 17. Rac1 b5 18. a4 a6 19. Rc2 Rae8 20. Bc1
c6 21. axb5 cxb5 22. Re2 f5 23. f3 a5 24. Rfe1 b4 25. Qd3 Nd6 26. Rc2 Nb7 27.
Bd2 Rd8 28. Rec1 Red6 29. Be1 f4 30. Bf2 fxe3 31. Bxe3 g6 32. Rc7 R6d7 33. Bg5
Qxg5 34. Rxd7 Qxc1+ 0-1

[Event "G5-2"]
[Site "Svendborg"]
[Date "2016.03.26"]
[Round "3"]
[White "Schmidt, Kim"]
[Black "Nielsen, Henrik Wendelbo"]
[Result "0-1"]
[WhiteElo "1759"]
[BlackElo "1802"]
[PlyCount "122"]
[EventDate "2016.03.24"]
[EventType "swiss"]
[EventRounds "5"]
[EventCountry "DEN"]

1. Nf3 Nf6 2. g3 g6 3. Bg2 Bg7 4. O-O O-O 5. d4 d6 6. c3 c6 7. Re1 Nbd7 8. e4
e5 9. dxe5 Nxe5 10. Nxe5 dxe5 11. Be3 Qc7 12. Nd2 Be6 13. Qc2 Ng4 14. Bc5 Rfd8
15. h3 Nf6 16. Be3 Rd7 17. b3 Rad8 18. Nf3 h6 19. Kh2 b6 20. Ng1 Qd6 21. Bf1
Qe7 22. Be2 Ne8 23. a4 Kh7 24. a5 b5 25. b4 f5 26. Bf3 Qf7 27. exf5 Bxf5 28.
Be4 Bxe4 29. Qxe4 Qd5 30. Bc5 Nf6 31. Qxd5 cxd5 32. Nf3 Ne4 33. Be3 Rf8 34. Kg2
Rdf7 35. Ng1 Nxc3 36. Bc5 Rd8 37. Rac1 d4 38. f3 Nd5 39. Kf2 Ne3 40. Rxe3 dxe3+
41. Kxe3 h5 42. Ke4 Rd2 43. g4 Rf4+ 44. Ke3 Rd7 45. Ne2 Bh6 46. Kf2 Rff7 47.
Be3 Bf8 48. Bc5 Rd3 49. Bxf8 Rdxf3+ 50. Kg1 Rxf8 51. gxh5 gxh5 52. Rc7+ R8f7
53. Rxf7+ Rxf7 54. Nc3 a6 55. Nd5 Kg6 56. Kg2 Kf5 57. Kf3 Rd7 58. Ne3+ Ke6 59.
Nc2 Rd2 60. Ne3 Rb2 61. Nd1 Rxb4 0-1

[Event "G5-2"]
[Site "Svendborg"]
[Date "2016.03.27"]
[Round "4"]
[White "Molvig, Henrik"]
[Black "Hansen, Alex"]
[Result "1/2-1/2"]
[WhiteElo "2115"]
[BlackElo "1906"]
[PlyCount "67"]
[EventDate "2016.03.24"]
[EventType "swiss"]
[EventRounds "5"]
[EventCountry "DEN"]

1. d4 Nf6 2. c4 e6 3. Nf3 d5 4. Nc3 Be7 5. Bg5 O-O 6. e3 b6 7. Be2 Bb7 8. Bxf6
Bxf6 9. cxd5 exd5 10. b4 Qd6 11. Rb1 a6 12. O-O b5 13. a4 c6 14. e4 dxe4 15.
Nxe4 Qd8 16. Qc2 Nd7 17. Bd3 h6 18. a5 Be7 19. Rfe1 Rc8 20. Nc5 Nxc5 21. dxc5
Bf6 22. Bf5 Rc7 23. Rbd1 Qb8 24. Nd2 g6 25. Bh3 Bc8 26. Ne4 Be7 27. Bxc8 Qxc8
28. Nd6 Bxd6 29. cxd6 Rd7 30. h3 Rfd8 31. Qc5 Qb8 32. Qxc6 Rxd6 33. Re8+ Rxe8
34. Qxd6 1/2-1/2

[Event "G5-2"]
[Site "Svendborg"]
[Date "2016.03.27"]
[Round "4"]
[White "Yssing, Klaus"]
[Black "Winther, Bjarke Rosenborg"]
[Result "1/2-1/2"]
[WhiteElo "2010"]
[BlackElo "1740"]
[PlyCount "60"]
[EventDate "2016.03.24"]
[EventType "swiss"]
[EventRounds "5"]
[EventCountry "DEN"]

1. d4 d5 2. Nf3 Nf6 3. c4 c6 4. e3 e6 5. Nc3 Nbd7 6. Bd3 dxc4 7. Bxc4 Be7 8.
O-O Nb6 9. Bd3 Nbd5 10. Qe2 O-O 11. Rd1 Qc7 12. Bd2 a6 13. Rac1 Bd6 14. a3 e5
15. Nxd5 Nxd5 16. e4 Nf6 17. d5 Bd7 18. b4 Qb8 19. Bg5 Ne8 20. Bc4 Kh8 21. dxc6
Bxc6 22. Bd5 Bb5 23. Qa2 f6 24. Be3 a5 25. Qb2 axb4 26. axb4 Ra6 27. Nh4 g6 28.
Nf3 Nc7 29. Bb3 Bxb4 30. Rb1 Be7 1/2-1/2

[Event "G5-2"]
[Site "Svendborg"]
[Date "2016.03.27"]
[Round "4"]
[White "Zachariassen, John"]
[Black "Hansen, Henrik Damgaard"]
[Result "1-0"]
[WhiteElo "1973"]
[BlackElo "1843"]
[PlyCount "95"]
[EventDate "2016.03.24"]
[EventType "swiss"]
[EventRounds "5"]
[EventCountry "DEN"]

1. c4 Nf6 2. Nf3 c5 3. g3 b6 4. Bg2 Bb7 5. O-O g6 6. d3 Bg7 7. Nc3 d6 8. Bd2
O-O 9. a3 Nbd7 10. Qc2 e6 11. b4 a6 12. Rab1 Qc7 13. Qc1 Rab8 14. Bh6 Rfe8 15.
Bxg7 Kxg7 16. Qd2 e5 17. e4 Nf8 18. Rbc1 Ne6 19. Nd5 Nxd5 20. cxd5 Nd4 21. Nxd4
exd4 22. f4 f6 23. Qf2 Qe7 24. Rc2 Bc8 25. Rfc1 Bd7 26. Re1 Rbc8 27. bxc5 bxc5
28. h3 Bb5 29. Rd2 Qc7 30. g4 Rf8 31. h4 h6 32. Qg3 Qa5 33. Rdd1 Qxa3 34. g5 c4
35. gxf6+ Rxf6 36. e5 Rf5 37. Be4 Rcf8 38. Bxf5 Rxf5 39. e6 c3 40. Qf2 Qc5 41.
e7 Be8 42. Re4 Rxd5 43. Kh2 a5 44. Rg1 a4 45. Rg2 a3 46. Re6 Qb5 47. f5 Rxf5
48. Qxd4+ 1-0

[Event "G5-2"]
[Site "Svendborg"]
[Date "2016.03.27"]
[Round "4"]
[White "Agger, Lars Breinholt"]
[Black "Raahauge, Lars"]
[Result "1/2-1/2"]
[WhiteElo "1856"]
[BlackElo "1821"]
[PlyCount "32"]
[EventDate "2016.03.24"]
[EventType "swiss"]
[EventRounds "5"]
[EventCountry "DEN"]

1. e4 e5 2. Nf3 Nc6 3. Bb5 a6 4. Ba4 Nf6 5. O-O Be7 6. Re1 b5 7. Bb3 d5 8. exd5
Nxd5 9. d3 O-O 10. Nbd2 Nf6 11. h3 Bd6 12. c3 Re8 13. Ne4 Nxe4 14. dxe4 Be6 15.
Bxe6 Rxe6 16. Bg5 Be7 1/2-1/2